Implementácia prvkov automatizácie v automobilovom priemysle za účelom zvyšovania kvality produktu

Guardado en:
Detalles Bibliográficos
Autor principal: Balko, Štefan (Autor)
Otros Autores: Ťapák, Peter (Orientador)
Formato: Manuscrito Libro
Lenguaje:eslovaco
Publicado: Bratislava : STU v Bratislave FEI, 2021
Materias:
Acceso en línea:https://opac.crzp.sk/?fn=detailBiblioForm&sid=7E417B54B864B7C45D2BF84635AB&seo=CRZP-detail-kniha
Etiquetas: Agregar Etiqueta
Sin Etiquetas, Sea el primero en etiquetar este registro!

MARC

LEADER 00000ntm a22000003a 4500
001 stuzp82678
003 SK-STU
005 20211111094456.3
007 ta
008 150427s2015----xo-----f-mn---000-0-slo-d
040 |a STU  |b slo 
041 0 |a slo 
044 |a xo 
100 1 |a Balko, Štefan  |u 030400  |4 aut  |U FEI Fakulta elektrotechniky a informatiky  |T FEI Ústav automobilovej mechatroniky  |X 79901  |U E400  |Y 642  |7 79901 
242 0 1 |a Implementation of automation in automotovie industry to increase quality of product  |y eng 
245 1 0 |a Implementácia prvkov automatizácie v automobilovom priemysle za účelom zvyšovania kvality produktu 
260 |a Bratislava :  |b STU v Bratislave FEI,  |c 2021 
300 |a 83 s. 
650 4 |a senzor  |2 slo 
650 4 |a automobilový priemysel  |2 slo 
650 4 |a automatizácia  |2 slo 
650 4 |a EOL tester  |2 slo 
650 4 |a PLC  |2 slo 
650 4 |a automotive indistry  |2 eng 
650 4 |a sensors  |2 eng 
650 4 |a automation  |2 eng 
650 4 |a EOL tester  |2 eng 
650 4 |a PLC  |2 eng 
700 1 |a Ťapák, Peter  |u 030400  |k Z1  |4 ths  |U FEI Fakulta elektrotechniky a informatiky  |T FEI Ústav automobilovej mechatroniky  |X 3715  |U E400  |Y 642  |7 A000003715 
856 4 |u https://opac.crzp.sk/?fn=detailBiblioForm&sid=7E417B54B864B7C45D2BF84635AB&seo=CRZP-detail-kniha